000 00664nam a2200217Ia 4500
001 15168
003 GE_BSU
008 181216s||||||||xx |||||||||||||| ||und||
040 _cGE_BSU
080 _a821.353.1-32
100 _aშამათავა, დავით
245 _aნათესავები
245 _bმოთხრობები
245 _cრედ:დ.ბენაშვილი;მხატვრ. ვ. პეტროვა
260 _aთბილისი.
260 _bსაბლიტგამი
260 _c1947.
300 _a131გვ;20სმ.
653 _aმოთხრობები
942 _cBK
999 _c48283
_d48283